|
|
|
|
| LEADER |
01639cas a2200241 a 4500 |
| 001 |
AALejournalIMF004264 |
| 008 |
230101c9999 xx r poo 0 0eng d |
| 020 |
|
|
|c 5.00 USD
|
| 020 |
|
|
|z 9781451827835
|
| 022 |
|
|
|a 1934-7685
|
| 040 |
|
|
|a BD-DhAAL
|c BD-DhAAL
|
| 110 |
2 |
|
|a International Monetary Fund.
|
| 245 |
1 |
0 |
|a Mauritius :
|b Selected Issues and Statistical Appendix.
|
| 264 |
|
1 |
|a Washington, D.C. :
|b International Monetary Fund,
|c 2006.
|
| 300 |
|
|
|a 1 online resource (90 pages)
|
| 490 |
1 |
|
|a IMF Staff Country Reports
|
| 500 |
|
|
|a <strong>Off-Campus Access:</strong> No User ID or Password Required
|
| 500 |
|
|
|a <strong>On-Campus Access:</strong> No User ID or Password Required
|
| 506 |
|
|
|a Electronic access restricted to authorized BRAC University faculty, staff and students
|
| 520 |
3 |
|
|a The empirical study shows that the equilibrium real exchange rate in Mauritius has been affected by the terms of trade, as well as by other fundamental determinants. It assesses the challenges posed to Mauritius's trade performance by the expiration of the preferential trade arrangements. It examines the empirical relationship among domestic prices, money, foreign prices, and the nominal exchange rate in Mauritius. The paper highlights Mauritius's inflation, monetary and exchange rate policies and instruments, and also presents and estimates a model for the determination of domestic prices.
|
| 538 |
|
|
|a Mode of access: Internet
|
| 830 |
|
0 |
|a IMF Staff Country Reports; Country Report ;
|v No. 2006/224
|
| 856 |
4 |
0 |
|z Full text available on IMF
|u http://elibrary.imf.org/view/journals/002/2006/224/002.2006.issue-224-en.xml
|z IMF e-Library
|